Pokemon that were in the Next Regional Pokedex - Statistics

General Stats
  • This quiz has been taken 51 times
    48 since last reset
  • The average score is 287 of 388
Answer Stats
Gen Pokemon % Correct
1 Bulbasaur
100%
1 Beedrill
95%
1 Butterfree
95%
1 Caterpie
95%
1 Kakuna
95%
1 Metapod
95%
1 Weedle
95%
1 Arbok
90%
1 Blastoise
90%
1 Charizard
90%
1 Charmander
90%
1 Charmeleon
90%
1 Dewgong
90%
1 Drowzee
90%
1 Eevee
90%
1 Ekans
90%
1 Fearow
90%
1 Golbat
90%
1 Goldeen
90%
1 Golduck
90%
1 Gyarados
90%
1 Horsea
90%
1 Hypno
90%
1 Ivysaur
90%
1 Magikarp
90%
1 Meowth
90%
1 Persian
90%
2 Pichu
90%
1 Pidgeot
90%
1 Pidgeotto
90%
1 Pidgey
90%
1 Pikachu
90%
1 Pinsir
90%
1 Psyduck
90%
1 Raichu
90%
1 Raticate
90%
1 Rattata
90%
1 Seadra
90%
1 Seaking
90%
1 Seel
90%
1 Spearow
90%
1 Squirtle
90%
1 Staryu
90%
1 Tauros
90%
1 Venomoth
90%
1 Venonat
90%
1 Venusaur
90%
1 Wartortle
90%
1 Zubat
90%
1 Abra
86%
1 Aerodactyl
86%
1 Alakazam
86%
1 Arcanine
86%
1 Articuno
86%
2 Azumarill
86%
3 Azurill
86%
2 Bellossom
86%
1 Bellsprout
86%
1 Cloyster
86%
2 Crobat
86%
1 Diglett
86%
1 Ditto
86%
1 Dodrio
86%
1 Doduo
86%
1 Dragonair
86%
1 Dragonite
86%
1 Dratini
86%
1 Dugtrio
86%
1 Electabuzz
86%
1 Flareon
86%
1 Gastly
86%
1 Gengar
86%
1 Geodude
86%
1 Gloom
86%
1 Golem
86%
1 Graveler
86%
1 Growlithe
86%
1 Haunter
86%
1 Jigglypuff
86%
1 Jolteon
86%
1 Jynx
86%
1 Kadabra
86%
1 Lapras
86%
1 Machamp
86%
1 Machoke
86%
1 Machop
86%
1 Magmar
86%
1 Magnemite
86%
1 Magneton
86%
2 Marill
86%
1 Mew
86%
1 Mewtwo
86%
1 Moltres
86%
1 Ninetales
86%
1 Oddish
86%
1 Onix
86%
1 Paras
86%
1 Parasect
86%
1 Ponyta
86%
1 Porygon
86%
3 Ralts
86%
1 Rapidash
86%
1 Rhydon
86%
1 Rhyhorn
86%
1 Sandshrew
86%
1 Sandslash
86%
1 Shellder
86%
1 Snorlax
86%
1 Starmie
86%
1 Tangela
86%
1 Vaporeon
86%
1 Victreebel
86%
1 Vileplume
86%
1 Vulpix
86%
1 Weepinbell
86%
1 Wigglytuff
86%
1 Zapdos
86%
1 Clefable
81%
1 Clefairy
81%
5 Deino
81%
2 Donphan
81%
5 Durant
81%
3 Dusclops
81%
3 Duskull
81%
4 Electivire
81%
1 Farfetch’d
81%
3 Gardevoir
81%
2 Girafarig
81%
4 Glaceon
81%
3 Glalie
81%
1 Grimer
81%
5 Heatmor
81%
1 Hitmonchan
81%
1 Hitmonlee
81%
5 Hydreigon
81%
1 Kabuto
81%
1 Kabutops
81%
1 Kangaskhan
81%
2 Kingdra
81%
3 Kirlia
81%
1 Koffing
81%
4 Leafeon
81%
2 Magcargo
81%
4 Magmortar
81%
1 Muk
81%
1 Nidoran
81%
1 Nidorina
81%
1 Nidorino
81%
3 Nosepass
81%
1 Omanyte
81%
1 Omastar
81%
5 Panpour
81%
5 Pansage
81%
5 Pansear
81%
5 Patrat
81%
2 Phanpy
81%
3 Roselia
81%
1 Scyther
81%
5 Simipour
81%
5 Simisage
81%
5 Simisear
81%
2 Skarmory
81%
1 Slowbro
81%
1 Slowpoke
81%
2 Slugma
81%
3 Snorunt
81%
6 Sylveon
81%
1 Tentacool
81%
5 Watchog
81%
1 Weezing
81%
2 Wobbuffet
81%
5 Zweilous
81%
3 Absol
76%
3 Altaria
76%
4 Buizel
76%
5 Chandelure
76%
1 Chansey
76%
2 Chinchou
76%
5 Conkeldurr
76%
1 Cubone
76%
1 Electrode
76%
5 Emolga
76%
4 Floatzel
76%
5 Golett
76%
5 Golurk
76%
5 Gurdurr
76%
2 Igglybuff
76%
5 Krokorok
76%
5 Krookodile
76%
5 Lampent
76%
2 Lanturn
76%
4 Lickilicky
76%
1 Lickitung
76%
5 Litwick
76%
4 Lucario
76%
4 Magnezone
76%
4 Mamoswine
76%
1 Mankey
76%
1 Marowak
76%
1 Mr. Mime
76%
1 Nidoking
76%
1 Nidoqueen
76%
1 Poliwag
76%
1 Poliwhirl
76%
1 Poliwrath
76%
1 Primeape
76%
4 Riolu
76%
5 Sandile
76%
3 Swablu
76%
1 Tentacruel
76%
5 Timburr
76%
1 Voltorb
76%
3 Wurmple
76%
3 Beautifly
71%
5 Bisharp
71%
4 Buneary
71%
4 Carnivine
71%
3 Cascoon
71%
7 Charjabug
71%
4 Croagunk
71%
3 Dustox
71%
7 Grubbin
71%
2 Heracross
71%
1 Kingler
71%
1 Krabby
71%
6 Litleo
71%
4 Lopunny
71%
7 Oranguru
71%
7 Passimian
71%
5 Pawniard
71%
6 Pyroar
71%
3 Silcoon
71%
4 Tangrowth
71%
4 Toxicroak
71%
5 Vanillish
71%
5 Vanillite
71%
5 Vanilluxe
71%
7 Vikavolt
71%
4 Weavile
71%
4 Yanmega
71%
5 Amoonguss
67%
5 Basculin
67%
5 Beartic
67%
4 Budew
67%
6 Clauncher
67%
6 Clawitzer
67%
2 Corsola
67%
5 Cryogonal
67%
5 Cubchoo
67%
7 Cutiefly
67%
6 Dedenne
67%
4 Drifblim
67%
4 Drifloon
67%
5 Druddigon
67%
1 Exeggcute
67%
1 Exeggutor
67%
5 Foongus
67%
6 Goodra
67%
6 Goomy
67%
5 Gothita
67%
5 Gothitelle
67%
5 Gothorita
67%
7 Hakamo-o
67%
7 Jangmo-o
67%
6 klefki
67%
7 Kommo-o
67%
5 Liepard
67%
3 Medicham
67%
3 Meditite
67%
5 Mienfoo
67%
5 Mienshao
67%
6 Noibat
67%
6 Noivern
67%
3 Pelipper
67%
6 Phantump
67%
4 Probopass
67%
5 Purrloin
67%
7 Ribombee
67%
4 Roserade
67%
5 Scolipede
67%
6 Sliggoo
67%
6 Trevenant
67%
5 Venipede
67%
4 Vespiquen
67%
5 Whirlipede
67%
3 Wingull
67%
5 Accelgor
62%
6 Amaura
62%
5 Audino
62%
6 Aurorus
62%
5 Axew
62%
5 Boldore
62%
3 Chimecho
62%
4 Combee
62%
6 Dragalge
62%
5 Ducklett
62%
5 Duosion
62%
5 Escavalier
62%
6 Flabebe
62%
6 Fletchinder
62%
6 Fletchling
62%
6 Floette
62%
6 Florges
62%
5 Fraxure
62%
6 Furfrou
62%
5 Garbodor
62%
5 Gigalith
62%
6 Hawlucha
62%
5 Haxorus
62%
6 Inkay
62%
5 Karrablast
62%
6 Malamar
62%
7 Mimikyu
62%
7 Mudbray
62%
2 Natu
62%
5 Reuniclus
62%
5 Roggenrola
62%
5 Sawk
62%
5 Scrafty
62%
5 Scraggy
62%
5 Shelmet
62%
5 Sigilyph
62%
6 Skrelp
62%
5 Solosis
62%
5 Swanna
62%
6 Talonflame
62%
5 Throh
62%
3 Tropius
62%
5 Trubbish
62%
6 Tyrantrum
62%
6 Tyrunt
62%
2 Xatu
62%
5 Zoroark
62%
5 Zorua
62%
7 Araquanid
57%
7 Bounsweet
57%
6 Carbink
57%
7 Dewpider
57%
7 Dhelmise
57%
5 Ferroseed
57%
5 Ferrothorn
57%
4 Gliscor
57%
7 Golisopod
57%
7 Lycanroc
57%
4 Mantyke
57%
7 Morelull
57%
7 Mudsdale
57%
7 Pyukumuku
57%
7 Rockruff
57%
7 Steenee
57%
5 Swoobat
57%
7 Tsareena
57%
7 Wimpod
57%
5 Woobat
57%
3 Barboach
52%
7 Comfey
52%
4 Drapion
52%
3 Feebas
52%
7 Mareanie
52%
3 Milotic
52%
7 Shiinotic
52%
7 Silvally
52%
4 Skorupi
52%
7 Togedemaru
52%
7 Toxapex
52%
7 Type: Null
52%
3 Whiscash
52%
7 Wishiwashi
52%
5 Alomomola
48%
7 Bewear
48%
5 Crustle
48%
7 Drampa
48%
5 Dwebble
48%
7 Fomantis
48%
7 Lurantis
48%
7 Salandit
48%
7 Salazzle
48%
7 Stufful
48%
5 Stunfisk
48%
7 Turtonator
48%
4 Bronzong
43%
4 Bronzor
43%
7 Palossand
43%
6 Pancham
43%
6 Pangoro
43%
7 Sandygast
43%
6 Zygarde
38%
No matching quizzes found
Score Distribution
Percent of People with Each Score
Percentile by Number Answered
Your Score History
You have not taken this quiz since the last reset